000 00597 a2200205 4500
003 sjds
005 20250605011921.0
008 250605b |||||||| |||| 00| 0 spa d
020 _a9788434809451
040 _csjds
041 _aspa
100 _aTerlouw, Jan
245 _aPiotr :
_b(viaje a Siberia) /
_cJan Terlouw ; [traduccion, Teodoro Larriba ; ilustraciones, Dick van deer Maat]
260 _a[Barcelona
_bSM,
_c1994?]
300 _a173 p.
_b il.
_c19 cm.
440 _aBarco de vapor., Serie roja ;
_n9
700 1 0 _aLarriba, Teodoro
700 1 0 _aMaat, Dick van der.
942 _cBK
999 _c8562
_d8562